000 00294nam a22001337a 4500
008 171101b xxu||||| |||| 00| 0 eng d
020 _a9780965855617
041 _aeng
080 _22 ED
_a339
100 _a59
101 _aTRE
245 _aMERGER ACQUISITIONS
_cALAN.D.G
942 _2udc
_cBK
999 _c37068
_d37068